Bordering Countries With Stars on Their Flags - Statistics

General Stats
  • This quiz has been taken 33 times
  • The average score is 20 of 59
Answer Stats
Continent Countries % Correct
South America Brazil; Suriname
58%
South America Brazil; Argentina
54%
South America Brazil; Venezuela
50%
Africa Tunisia; Algeria
50%
South America Argentina; Chile
46%
Asia China; Myanmar
46%
Asia China; Nepal
46%
Asia China; North Korea
46%
Asia China; Vietnam
46%
Africa Ethiopia; Somalia
46%
Africa Algeria; Libya
42%
Africa Algeria; Mauritania
42%
South America Brazil; Uruguay
42%
Africa Democratic Republic ofthe Congo; Angola
42%
Africa Ethiopia; Djibouti
42%
Africa Ethiopia; South Sudan
42%
Africa Morocco; Algeria
42%
Africa Morocco Mauritania
42%
Asia Uzbekistan; Turkmenistan
42%
South America Argentina; Uruguay
38%
Africa Burkina Faso; Togo
38%
Africa Central African Republic;Democratic Republic of the Congo
38%
Europe Croatia; Bosnia and Herzegovina
38%
Africa Democratic Republic ofthe Congo; Burundi
38%
Africa Democratic Republic ofthe Congo; Rwanda
38%
Africa Senegal; Mauritania
38%
Africa Somalia; Djibouti
38%
South America Brazil; Paraguay
33%
Africa Burkina Faso; Ghana
33%
Africa Central African Republic; Cameroon
33%
Africa Senegal; Guinea-Bissau
33%
Africa South Sudan; CentralAfrican Republic
33%
Asia Syria; Turkey
33%
Africa Tunisia; Libya
33%
Asia Turkey; Azerbaijan
33%
Asia Uzbekistan; Kazakhstan
33%
Asia Uzbekistan; Tajikistan
33%
South America Argentina; Paraguay
29%
Africa Burundi; Rwanda
29%
Asia China; Pakistan
29%
Europe Croatia; Slovenia
29%
Asia Kazakhstan; Kyrgyzstan
29%
Asia Kazakhstan; Turkmenistan
29%
Africa Namibia; Angola
29%
Asia Syria; Iraq
29%
Asia Tajikistan; Kyrgyzstan
29%
Asia China; Kazakhstan
25%
Asia China; Tajikistan
25%
Africa Equatorial Guinea; Cameroon
25%
Africa South Sudan; DemocraticRepublic of the Congo
25%
Asia Syria; Israel
25%
Asia Syria; Jordan
25%
Asia Uzbekistan; Kyrgyzstan
25%
Asia China; Kyrgyzstan
21%
Asia Iraq; Turkey
21%
Europe Kosovo; North Macedonia
21%
Asia Iraq; Jordan
17%
Africa Mozambique; Malawi
17%
Africa Mozambique; Zimbabwe
13%
No matching quizzes found
Score Distribution
Percent of People with Each Score
Percentile by Number Answered
Your Score History
You have not taken this quiz